|
|
|
|
| LEADER |
00000nab a2200000 a 4500 |
| 001 |
vtls000371067 |
| 003 |
SK-MaSNL |
| 005 |
20260303191035.0 |
| 008 |
230223c1989 xo 0 rus |
| 015 |
|
|
|a SNBRB19rr/mm-uuuuu
|
| 035 |
|
|
|a CL0371189
|
| 035 |
|
|
|a urn:nbn:sk:snk-ab6nqt
|
| 035 |
|
|
|a (uuid)a3a352df-9891-471f-9d3c-ff52d1ab5d0c
|
| 035 |
|
|
|a (urnnbn)urn:nbn:sk:snk:ar-005no8
|
| 035 |
|
|
|a (sysno)vtls000371067
|
| 040 |
|
|
|a SNKBUCL
|b slo
|c SNKBUCL
|e AACR2
|
| 041 |
0 |
|
|a rus
|
| 044 |
|
|
|a xo
|c SK
|
| 080 |
|
|
|a 801.15:808.2+808.54
|2 1981
|
| 080 |
|
|
|a 808.2
|2 1981
|
| 080 |
|
|
|a 808.54
|2 1981
|
| 100 |
1 |
|
|a Gradušova, Z.
|4 aut
|9 1220019
|
| 245 |
1 |
0 |
|a Nekotoryje ossobennosti vyraženija značenija povtorjajemosti v ruskom i slovackom jazykach
|c Z. Gradušova, G. A. Kukavskaja
|
| 650 |
0 |
7 |
|a ruština
|2 snkbucl
|9 1346
|
| 650 |
0 |
7 |
|a slovenčina
|2 snkbucl
|9 1350
|
| 650 |
0 |
7 |
|a slovesný vid
|2 snkbucl
|9 70000
|
| 655 |
|
7 |
|a články z novín a časopisov
|2 snkbucl
|9 267496
|
| 700 |
1 |
|
|a Kukavskaja, G. A.
|4 aut
|9 1220020
|
| 773 |
0 |
|
|t Ruštinár
|g Roč. 24, č. 9 (1989), s. 5-6
|
| 850 |
|
|
|a Slovenská národná knižnica v Martine
|a MTA001
|
| 852 |
|
|
|a SNK
|b KIS3GCP
|
| 958 |
|
|
|a RK
|
| 958 |
|
|
|a SU
|
| 958 |
|
|
|a OND
|
| 958 |
|
|
|a EUIPO
|
| 958 |
|
|
|a article27
|
| 992 |
|
|
|a RBX
|
| 999 |
|
|
|c 2139202
|d 2141132
|